000 00720nam a2200265Ia 4500
003 OSt
005 20221005064751.0
006 a|||||r|||| 00| 0
007 ta
008 221004b |||||||| |||| 00| 0 eng d
020 _a0631223975
024 _a77879
037 _cTextual
040 _aCRL
_cCRL
_beng
041 _2eng
_aeng
082 _aO111v, P3
100 _aFulk R. D.
_9604214
245 0 _aHistory of Old English literature
260 _aMalden
_bBlackwell Publishing USA
_c2003
300 _a346P.
_ccm.
650 _aENGLISH LITERATURE
700 _a Cain Christopher M
_9604215
942 _hO111v, P3
_cTEXL
_2cc
999 _c973606
_d973606